[Event "Joao Pessoa de Assis Memorial 2nd"]
[Site "Joao Pessoa"]
[Date "2022.10.23"]
[Round "6"]
[White "De Oliveira, Genivaldo Manoel"]
[Black "De Lima, Theo Magalhaes"]
[Result "0-1"]
[WhiteElo "1631"]
[BlackElo "1694"]
[PlyCount "82"]
[EventDate "2022.10.21"]
[EventType "swiss"]
[EventRounds "6"]
[EventCountry "BRA"]
[SourceTitle "CBM 210 Extra"]
[Source "ChessBase"]
[SourceDate "2022.11.30"]
[SourceVersion "1"]
[SourceVersionDate "2022.11.30"]
[SourceQuality "1"]

1. d4 d5 2. Nf3 Nf6 3. e3 Bf5 4. Bd3 Bxd3 5. Qxd3 e6 6. Nbd2 Nbd7 7. 0-0 Bd6 8. e4 dxe4 9. Nxe4 Nxe4 10. Qxe4 c6 11. Re1 0-0 12. c3 Nf6 13. Qe2 Qc7 14. h3 Nd5 15. Ne5 f6 16. Nc4 Rae8 17. Qg4 Qd7 18. Nxd6 Qxd6 19. Bd2 b5 20. Re2 Re7 21. Rae1 Rfe8 22. Bh6 g6 23. h4 Kf7 24. Qf3 e5 25. h5 exd4 26. Rxe7+ Rxe7 27. Rxe7+ Nxe7 28. hxg6+ hxg6 29. Bf4 Qd5 30. Qh3 dxc3 31. Qh7+ Ke6 32. bxc3 Qxa2 33. Qh3+ Nf5 34. g4 Qb1+ 35. Kh2 Ne7 36. Qe3+ Kf7 37. Qxa7 Qe4 38. Bd6 f5 39. f3 Qe2+ 40. Kg3 fxg4 41. Kxg4 Qe6+ 0-1

[Event "BRA-ch Seniors 65"]
[Site "Joao Pessoa"]
[Date "2022.08.19"]
[Round "2"]
[White "Arruda Filho, Ivo Pereira de"]
[Black "De Oliveira, Genivaldo Manoel"]
[Result "1/2-1/2"]
[WhiteElo "1722"]
[BlackElo "1621"]
[PlyCount "88"]
[EventDate "2022.08.19"]
[EventType "swiss"]
[EventRounds "5"]
[EventCountry "BRA"]
[SourceTitle "CBM 210 Extra"]
[Source "ChessBase"]
[SourceDate "2022.11.30"]
[SourceVersion "1"]
[SourceVersionDate "2022.11.30"]
[SourceQuality "1"]

1. Nf3 d5 2. d4 Nf6 3. Bf4 e6 4. e3 Bd6 5. Ne5 0-0 6. Be2 Nbd7 7. 0-0 Qe7 8. Nd2 c5 9. c4 cxd4 10. exd4 Bb8 11. Qb3 Nxe5 12. dxe5 Ne4 13. Nxe4 dxe4 14. Qe3 Bd7 15. Qxe4 Bc6 16. Qe3 Bc7 17. Bg5 Qe8 18. Bd3 f5 19. exf6 gxf6 20. Bf4 Bxf4 21. Qxf4 Rd8 22. Bc2 Rd7 23. Rfe1 Rg7 24. Be4 e5 25. Bxc6 Qxc6 26. Qe4 Qxe4 27. Rxe4 Rd8 28. Re2 Rgd7 29. f3 Kf7 30. Kf2 Rd4 31. b3 h5 32. Kg3 h4+ 33. Kf2 Ke6 34. g3 Kf5 35. Rae1 hxg3+ 36. hxg3 Rh8 37. Kg2 b6 38. Rh1 Rhd8 39. Rh7 a5 40. Rb7 R8d6 41. Kf2 a4 42. Ra7 axb3 43. axb3 Rd8 44. g4+ Ke6 1/2-1/2

[Event "Joao Pessoa Fischer Memorial 11th"]
[Site "Joao Pessoa"]
[Date "2022.05.08"]
[Round "5"]
[White "De Oliveira, Genivaldo Manoel"]
[Black "Lopes, Francisco Bernadino"]
[Result "1-0"]
[WhiteElo "1623"]
[BlackElo "1376"]
[PlyCount "85"]
[EventDate "2022.05.06"]
[EventType "swiss"]
[EventRounds "6"]
[EventCountry "BRA"]
[SourceTitle "EXT 2023"]
[Source "ChessBase"]
[SourceDate "2022.10.05"]
[SourceVersion "1"]
[SourceVersionDate "2022.10.05"]
[SourceQuality "1"]

1. d4 d5 2. Nf3 h6 3. e3 Bg4 4. Nbd2 Nf6 5. Be2 e6 6. 0-0 Bd6 7. c3 0-0 8. Qc2 Bf5 9. Bd3 Bxd3 10. Qxd3 Nc6 11. e4 Be7 12. Re1 Nh7 13. Qe2 Nf6 14. h3 a6 15. e5 Nh7 16. Nf1 Qe8 17. Ng3 b6 18. a3 Nd8 19. Nh2 f6 20. exf6 Nxf6 21. Nf3 Bd6 22. Ne5 Nd7 23. Nf3 c5 24. Be3 c4 25. Bd2 Qf7 26. Rf1 Qf6 27. Kh1 Nc6 28. Rae1 Rae8 29. Kg1 Re7 30. Nh2 e5 31. dxe5 Rxe5 32. Qf3 Qe6 33. Rxe5 Ndxe5 34. Qe3 Re8 35. Re1 Qf7 36. Ng4 Re7 37. Nxe5 Rxe5 38. Qxb6 Rxe1+ 39. Bxe1 Qc7 40. Qxa6 Na7 41. a4 Bc5 42. Kh2 d4 43. Qxc4+ 1-0

[Event "Pessoense Master 6th"]
[Site "Joao Pessoa"]
[Date "2020.03.14"]
[Round "9"]
[White "De Oliveira, Genivaldo Manoel"]
[Black "Gonzales, Alejandro Terehoff"]
[Result "1-0"]
[WhiteElo "1577"]
[BlackElo "1752"]
[PlyCount "101"]
[EventDate "2020.03.07"]
[EventType "tourn"]
[EventRounds "11"]
[EventCountry "BRA"]
[SourceTitle "CBM 195 Extra"]
[Source "ChessBase"]
[SourceDate "2020.05.31"]
[SourceVersion "1"]
[SourceVersionDate "2020.05.31"]
[SourceQuality "1"]

1. e4 e5 2. Nf3 Nc6 3. Bc4 Bc5 4. c3 Nf6 5. d3 d6 6. h3 h6 7. Nbd2 Be6 8. 0-0 0-0 9. Bb3 Bb6 10. Re1 Nd7 11. Nc4 Bxc4 12. Bxc4 Na5 13. Bb3 Nxb3 14. Qxb3 Nc5 15. Qc2 Ne6 16. a4 a5 17. Bd2 c5 18. Rad1 Rc8 19. b3 Qf6 20. Be3 Qg6 21. Nh4 Qf6 22. Nf5 Qd8 23. Qd2 Kh7 24. Bxh6 Nf4 25. Bxf4 exf4 26. Qxf4 Bc7 27. Qh4+ Qxh4 28. Nxh4 g6 29. f4 Bd8 30. Nf3 Bb6 31. Kh1 f6 32. Re2 Rce8 33. Rde1 Bc7 34. g3 Kg7 35. Kg2 Re7 36. e5 Rfe8 37. exf6+ Kxf6 38. Rxe7 Rxe7 39. Rxe7 Kxe7 40. Nh4 Kf7 41. Kf3 d5 42. f5 g5 43. Ng2 Kf6 44. g4 Be5 45. c4 d4 46. Ke4 Bd6 47. Kd5 Be7 48. Ne1 b6 49. Nf3 Bd8 50. Ne5 Be7 51. Nd7+ 1-0

[Event "Joao Pessoa Caldas Memorial 5th"]
[Site "Joao Pessoa"]
[Date "2019.09.21"]
[Round "11"]
[White "De Oliveira, Genivaldo Manoel"]
[Black "Canonico, Rodrigo"]
[Result "0-1"]
[WhiteElo "1636"]
[BlackElo "1701"]
[PlyCount "40"]
[EventDate "2019.09.11"]
[EventType "tourn"]
[EventRounds "11"]
[EventCountry "BRA"]
[SourceTitle "CBM 195 Extra"]
[Source "ChessBase"]
[SourceDate "2020.05.31"]
[SourceVersion "1"]
[SourceVersionDate "2020.05.31"]
[SourceQuality "1"]

1. b3 e5 2. Bb2 Nc6 3. e3 d5 4. Bb5 Bd6 5. f4 f6 6. Bxc6+ bxc6 7. fxe5 fxe5 8. Bxe5 Qh4+ 9. g3 Qe4 10. Bxd6 Qxh1 11. Qh5+ Kd7 12. Qf7+ Kxd6 13. Qf4+ Kd7 14. Qf5+ Ke8 15. Qe5+ Ne7 16. Na3 Qxg1+ 17. Ke2 Qxh2+ 18. Kd3 Bf5+ 19. Kc3 Qh6 20. Rf1 Qf6 0-1

[Event "Joao Pessoa Caldas Memorial 5th"]
[Site "Joao Pessoa"]
[Date "2019.09.14"]
[Round "4"]
[White "De Oliveira, Genivaldo Manoel"]
[Black "Morais, Francisco John Silv"]
[Result "1-0"]
[WhiteElo "1636"]
[BlackElo "1687"]
[PlyCount "55"]
[EventDate "2019.09.11"]
[EventType "tourn"]
[EventRounds "11"]
[EventCountry "BRA"]
[SourceTitle "CBM 195 Extra"]
[Source "ChessBase"]
[SourceDate "2020.05.31"]
[SourceVersion "1"]
[SourceVersionDate "2020.05.31"]
[SourceQuality "1"]

1. e4 c5 2. d4 cxd4 3. c3 dxc3 4. Nxc3 Nc6 5. Nf3 d6 6. Bc4 e6 7. 0-0 a6 8. Qe2 Nf6 9. Rd1 Qc7 10. Bf4 b5 11. Bb3 Be7 12. Rac1 Bb7 13. Nd5 exd5 14. exd5 Rc8 15. dxc6 Ba8 16. Bxd6 Qd8 17. Bg3 Qb6 18. Re1 0-0 19. Qxe7 Bxc6 20. Qc5 Qb7 21. Qf5 Bd7 22. Qg5 Ne4 23. Qf4 Rxc1 24. Rxc1 Nf6 25. Ne5 Be6 26. Qf3 Qb6 27. h3 Bxb3 28. Qxb3 1-0

[Event "Joao Pessoa U2100 3rd"]
[Site "Joao Pessoa"]
[Date "2019.07.20"]
[Round "8.3"]
[White "De Oliveira, Genivaldo Manoel"]
[Black "Gomes, Genildo de Souza"]
[Result "1/2-1/2"]
[WhiteElo "1691"]
[BlackElo "1628"]
[PlyCount "93"]
[EventDate "2019.07.14"]
[EventType "tourn"]
[EventRounds "11"]
[EventCountry "BRA"]
[SourceTitle "EXT 2022"]
[Source "ChessBase"]
[SourceDate "2021.10.06"]
[SourceVersion "1"]
[SourceVersionDate "2021.10.06"]
[SourceQuality "1"]

1. e4 e6 2. d4 d5 3. Nc3 Nf6 4. Bg5 Bb4 5. exd5 Qxd5 6. Be3 Ne4 7. Nge2 Bd7 8. a3 Bxc3+ 9. bxc3 Qa5 10. Qd3 Bc6 11. Bd2 Nd7 12. c4 Nxd2 13. Qxd2 Qxd2+ 14. Kxd2 Rd8 15. Kc1 Nb6 16. c5 Nd7 17. f3 Bb5 18. Rb1 c6 19. Ng3 Bxf1 20. Rxf1 b5 21. cxb6 axb6 22. Ne4 Ke7 23. Rb3 Rb8 24. Re1 Nf6 25. g3 Rhd8 26. c3 h6 27. Kc2 Nd5 28. Nd2 b5 29. Ne4 Nb6 30. f4 g6 31. Nc5 Nc4 32. Kd3 Ra8 33. g4 Rxa3 34. Rxa3 Nxa3 35. f5 Rd5 36. Ra1 Nc4 37. Ra7+ Ke8 38. Ne4 Rd8 39. fxe6 fxe6 40. Rh7 Ne5+ 41. Kc2 Nxg4 42. h3 Ne3+ 43. Kb3 Nd5 44. Rh8+ Ke7 45. Rh7+ Kf8 46. Rh8+ Ke7 47. Rh7+ 1/2-1/2

[Event "Joao Pessoa U2100 3rd"]
[Site "Joao Pessoa"]
[Date "2019.07.17"]
[Round "4.5"]
[White "De Oliveira, Genivaldo Manoel"]
[Black "De Moura Filho, Eny Nobrega"]
[Result "0-1"]
[WhiteElo "1691"]
[BlackElo "1382"]
[PlyCount "64"]
[EventDate "2019.07.14"]
[EventType "tourn"]
[EventRounds "11"]
[EventCountry "BRA"]
[SourceTitle "EXT 2022"]
[Source "ChessBase"]
[SourceDate "2021.10.06"]
[SourceVersion "1"]
[SourceVersionDate "2021.10.06"]
[SourceQuality "1"]

1. e4 e5 2. Nf3 Nc6 3. Bc4 h6 4. d4 d6 5. h3 Nf6 6. Nc3 Nxd4 7. Nxd4 exd4 8. Qxd4 c5 9. Qd3 Bd7 10. Bf4 Bc6 11. 0-0 Be7 12. Rad1 0-0 13. f3 Qc7 14. Bxd6 Bxd6 15. Qxd6 Qxd6 16. Rxd6 Rad8 17. Rfd1 Rxd6 18. Rxd6 Nd7 19. Bb5 Nb8 20. Kf2 a6 21. Bxc6 Nxc6 22. Rd5 b6 23. a3 Nd4 24. Rd7 Nxc2 25. Ra7 a5 26. Rb7 Rd8 27. Nd5 f5 28. Ne7+ Kf8 29. Nxf5 Rd2+ 30. Kg3 Ne1 31. Rxb6 Rxg2+ 32. Kh4 Nxf3+ 0-1